000 00512nam a22001817a 4500
003 NUST - PNEC
005 20170116180901.0
008 150901b xxu||||| |||| 00| 0 eng d
020 _a0-07-099061-1
040 _cLIBRARY
082 _a620.1 MCL
100 _96319
_aMcLean, W.G., Nelson, E.W.
245 _aTheory and problems of engineering mechanics:Statics and dynamics
_cW.G. McLean, E.W. Nelson
250 _a3rd
260 _cc1983.
650 _96323
_aMechanical Engineering
_xME
942 _2ddc
_cBK
999 _c64959
_d64959